期刊信息 |
| 索取号 |
Q94/ZHWFL
|
| 题名 |
Journal of Systematics and Evolution
|
| 作者 |
Journal of Systematics and Evolution Editorial Office of Institute of Botany
|
| 分册号 |
|
| 分册名 |
|
| 出版地 |
北京
|
| 出版者 |
Blackwell Publishing Asia Pty Ltd
|
| 标准刊号 |
1674-4918
|
| 出版频率 |
双月刊
|
| 中图法分类 |
Q94
|
| 主题词 |
植物学
|
| 电子资源 | |
| |
|
| 000 | 00975nas0 2200265 45 | |
| 001 | 0552754062 | |
| 005 | 20100712153925.90 | |
| 011 | @a1674-4918@dCNY80.00(2011) | |
| 091 | @aCN11-5779/Q | |
| 092 | @b2-226 | |
| 100 | @a20110615d km y0chiy0120 ea | |
| 101 | 0 | @aeng |
| 200 | 1 | @aJournal of Systematics and Evolution@d=Journal of Systematics and Evolution@fJournal of Systematics and Evolution Editorial Office of Institute of Botany@fChinese Academy of Science@zeng |
| 210 | @a北京@cBlackwell Publishing Asia Pty Ltd | |
| 215 | @d26cm | |
| 305 | @a原《植物分类学报》(中国科学院)中文版,2011年改版为英文版 | |
| 326 | @a双月刊 | |
| 510 | @aJournal of Systematics and Evolution | |
| 541 | @a植物分类学报@AZhi Wu Fen Lei Xue Bao | |
| 606 | 0 | @a植物学 |
| 690 | @aQ94@v4 | |
| 701 | 0 | @aJournal of Systematics and Evolution Editorial Office of Institute of Botany |
| 701 | 0 | @aChinese Academy of Science |
| 801 | 0 | @aCN@bPFT@c20100712 |
| 905 | @dQ94@eZHWFL@y2011- | |
| Journal of Systematics and Evolution=Journal of Systematics and Evolution/Journal of Systematics and Evolution Editorial Office of Institute of Botany/Chinese Academy of Science.-北京:Blackwell Publishing Asia Pty Ltd |
| 26cm |
| ←并列题名:Journal of Systematics and Evolution |
| ISSN 1674-4918:CNY80.00(2011) |
| ● |
| 相关链接: |
|
|
|
|